000 00631nam a2200205Ia 4500
001 10185
003 GE_BSU
008 181216s||||||||xx |||||||||||||| ||und||
040 _cGE_BSU
080 _a821.353.1–1+821.353.1–11
100 _aსალუქვაძე,ანზორ
245 _aლექსები,პოემა
245 _cრედ:ც.ქაროსანიძე;მხატვ:გ.კალაძე.
260 _aთბილისი
260 _bმერანი
260 _c1973
300 _a197გვ;17სმ.
653 _aლექსები,პოემა
942 _cBK
999 _c43454
_d43454